Responses for Show #3062 - Tuesday, December 16, 1997

First game to use the "Bonus" category.

Contestants

[<< previous game]

Nancy Schwartz, an insurance company manager from Thousand Oaks, California

Tim Surdyk, an undergraduate student from Seattle, Washington

Holly Highsmith Abrams, a project marketing manager from Arlington, Virginia (whose 1-day cash winnings total $16,800)

[next game >>]

Jeopardy! Round responses

20th CENTURY AMERICA
CROSSWORD CLUES "M"
'80s ROCK
SEWING
WILDE
OATHS
    $100 8
Richard Nixon

Tim
    $100 2
moo

Nancy
    $100 1
U2

Nancy
    $100 24
(Tim: What are hems?)
...
(Alex: Less than a minute....)

Seams

HollyTim
    $100 14
Dublin

Tim
    $100 15
Hippocratic Oath

Holly
    $200 9
Hoover Dam

Tim
    $200 3
Minnehaha

Holly
    $200 4
Queen

Holly
    $200 27
(Holly: What is bias?)

Grain

HollyNancy
    $200 20
Lady Windermere

Holly
    $200 16
The Koran

Tim
    $300 10
Long

Tim
    $300 12
(Nancy: What is mask?)

masquerade

HollyNancy
    $300 5
Janet Jackson

Holly
    $300 28
appliqué

Holly
    $300 21
My genius

Holly
    $300 17
Olympic Oath

Holly
    $400 11
Juliette Gordon Low

Nancy
    $400 25
mammoth

Nancy
    $600 6
Van Halen

Holly
    $400 29
(Tim: What is a pleat?)
[The end-of-round signal sounds.]

a cuff

Tim
Triple Stumper
    $400 22
Reading

Holly
    $400 18
Loyalty oath

Tim
    $500 13
AFL-CIO

Holly
    $500 26
moody

Nancy
    $500 7
Yes

Tim
    $500 23
George Bernard Shaw

Tim
    $500 19
(Alex: Led up to the French Revolution)

Tennis Court Oath

Triple Stumper

Scores at the first commercial break (after clue 14):

Holly Tim Nancy
$2,100 $1,200 $300

Scores at the end of the Jeopardy! Round:

Holly Tim Nancy
$3,600 $1,800 $1,400

Double Jeopardy! Round responses

EUROPEAN CAPITALS
AROUND THE BODY
VERBS
NOTABLE WOMEN
CONSTRUCTION
BONUS MOVIE
(Alex: There are 2 correct responses. If you select and respond correctly to one of the clues, you'll earn that amount; you can then elect to try for the 2nd half of it, in which case, you would double your score if you're right, but if you're wrong, you lose it all.)
    $200 4
Vienna

Nancy
    $200 1
Bone

Holly
    $200 21
hiss

Nancy
    $200 2
Martin Luther King Jr.

Nancy
    $200 19
a bathtub

Holly
    $400 8
(Holly: Who is [*]?)
(Alex: Yes, would you like to try for the 2nd half?)
(Holly: Who is [**]?)
(Alex: Correct, you pick up $400.)

Steve Martin & Spencer Tracy

Holly
    $400 7
Helsinki

Holly
    $400 3
Balance

Tim
    $400 23
Trumpet

Tim
    $400 13
Violinist

Holly
    $400 26
Foundation

Holly
    $400 9
(Holly: What is [**]?)
(Alex: You want to try for the 2nd?)
(Holly: Yes, who is John Belushi?)
(Alex: No, you lose $400.)
(Tim: Who are the [*]?)

Coneheads & The Blues Brothers

HollyTim
    $1,000 10
Warsaw, Poland

Tim
    $1,000 5
(Nancy: What is the aorta?)

Pulmonary artery

Nancy
    $600 24
rappel

Nancy
    $600 16
Mary Pickford

Tim
    $600 27
(Holly: What are blinds?)
(Tim: What are shutters?)
[The end-of-round signal sounds.]

louvers

HollyTim
Triple Stumper
    $600 14
(Tim: What is [**]?)
(Alex: You want to try for the 2nd one?--hurry, yes or no?)
(Tim: Pass.)
(Holly: What is [*]?)
(Alex: Each of you picks up $600.)

Bull Durham & Field of Dreams

HollyTim
    $800 11
Brussels

Tim
    $800 6
Pancreas

Tim
    $800 25
Crystalize

HollyTim
    $800 17
Harriet Tubman (or Harriet Beecher Stowe)

Tim
    $1600 15
(Tim: Who is Barbra Streisand?)
(Alex: That is right--you want to try for an $800 bonus?)
(Tim: Who is Katharine Hepburn?)
(Alex: Lion in Winter and Funny Girl.)

Katharine Hepburn & Barbra Streisand

Tim
    $1000 12
Reykjavik, Iceland

Tim
    $1000 22
Pharynx

Triple Stumper
    $1000 18
Carol Moseley Braun

Tim
    $1000 20
(Holly: What is Everything You Ever Wanted to Know About Sex (But Were Afraid to Ask)?)

A Midsummer Night's Sex Comedy & Everything You Always Wanted to Know About Sex (But Were Afraid to Ask)

Holly
Triple Stumper

Scores at the end of the Double Jeopardy! Round:

Holly Tim Nancy
$3,400 $11,400 $1,600
(lock game)

[wagering suggestions for these scores]

Final Jeopardy! Round responses

FAMOUS AMERICANS
NancyWho was
$0
HollyWho was Thurgood Marshall
$130
TimWho was J.P. Stevens?
$1,600
William Brennan

Final scores:

Holly Tim Nancy
$3,270 $9,800 $1,600
2nd place: Trip to Spice Island Beach Resort, Grenada New champion: $9,800 3rd place: Motorola StarTac Cellular Phone

Game dynamics:

Coryat scores:

Holly Tim Nancy
$3,200 $11,000 $2,600
20 R
(including 1 DD),
5 W
21 R
(including 1 DD),
3 W
10 R,
2 W
(including 1 DD)

Combined Coryat: $16,800

[game clues] [game scores] [suggest correction]

Game tape date: 1997-09-30
The J! Archive is created by fans, for fans. Scraping, republication, monetization, and malicious use prohibited; this site may use cookies and collect identifying information. See terms. The Jeopardy! game show and all elements thereof, including but not limited to copyright and trademark thereto, are the property of Jeopardy Productions, Inc. and are protected under law. This website is not affiliated with, sponsored by, or operated by Jeopardy Productions, Inc. Join the discussion at JBoard.tv.